00452cam a2200097 i 4500020001800000100001400018245020300032250001100235260007000246300003800316 a97898697064071 a梁妃儀10a三十而立兒童燙傷的預防、治療與重建 :b中華民國兒童燙傷基金會三十週年專刊 = 30 years of childhood burn foundation of the Republic of China /c梁妃儀, 董光義作 a初版 a臺北市 :b財團法人中華民國兒童燙傷基金會c2018. a239面 :b彩圖, 表 ;c24公分